Advertising (Record no. 84433)

MARC details
000 -LEADER
fixed length control field 00496nam a2200205Ia 4500
005 - DATE AND TIME OF LATEST TRANSACTION
control field 20230328133541.0
008 - FIXED-LENGTH DATA ELEMENTS--GENERAL INFORMATION
fixed length control field 230125s9999 xx 000 0 und d
020 ## - INTERNATIONAL STANDARD BOOK NUMBER
International Standard Book Number 978-81-317-0382-3
041 ## - LANGUAGE CODE
Language code of text/sound track or separate title eng
082 ## - DEWEY DECIMAL CLASSIFICATION NUMBER
Classification number 659.1
Item number JEF
100 ## - MAIN ENTRY--PERSONAL NAME
Author Jefkins F
245 ## - TITLE STATEMENT
Title Advertising
250 ## - EDITION STATEMENT
Edition statement 4th ed
260 ## - PUBLICATION, DISTRIBUTION, ETC.
Date of publication, distribution, etc. 2009
Name of publisher, distributor, etc. Pearson Education
Place of publication, distribution, etc. New Delhi
300 ## - PHYSICAL DESCRIPTION
Extent 416p
500 ## - GENERAL NOTE
Keywords advertising<br/>
650 ## - SUBJECT ADDED ENTRY--TOPICAL TERM
Topical term or geographic name entry element advertising
700 ## - ADDED ENTRY--PERSONAL NAME
Personal name Jefkins F & Yadin D
942 ## - ADDED ENTRY ELEMENTS (KOHA)
Koha item type Books
Holdings
Withdrawn status Lost status Damaged status Not for loan Home library Current library Date acquired Vendor Net Price Total Checkouts Full call number Barcode Date last seen Actual Price Bill Date Koha item type Original Barcode Bill number
        Smt. Hiraben Nanavati Institute of Management & Research for Women Smt. Hiraben Nanavati Institute of Management & Research for Women 15/12/2015 HNIMR Staff 1.00   659.1 JEF DB2516 HIMR-DB-2516 25/01/2023 1.00 25/01/2023 Donated Book DB2516  
        Smt. Hiraben Nanavati Institute of Management & Research for Women Smt. Hiraben Nanavati Institute of Management & Research for Women 16/09/2010 Forward Books 440.00   659.1 JEF B08758 HIMR-BK-8758 25/01/2023 343.00 30/08/2010 Books B08758 4073
        Smt. Hiraben Nanavati Institute of Management & Research for Women Smt. Hiraben Nanavati Institute of Management & Research for Women 16/09/2010 Forward Books 440.00   659.1 JEF B08757 HIMR-BK-8757 25/01/2023 343.00 30/08/2010 Books B08757 4073
        Smt. Hiraben Nanavati Institute of Management & Research for Women Smt. Hiraben Nanavati Institute of Management & Research for Women 16/09/2010 Forward Books 440.00   659.1 JEF B08755 HIMR-BK-8755 25/01/2023 343.00 30/08/2010 Books B08755 4073
        Smt. Hiraben Nanavati Institute of Management & Research for Women Smt. Hiraben Nanavati Institute of Management & Research for Women 16/09/2010 Forward Books 440.00   659.1 JEF B08754 HIMR-BK-8754 25/01/2023 343.00 30/08/2010 Books B08754 4073
        Smt. Hiraben Nanavati Institute of Management & Research for Women Smt. Hiraben Nanavati Institute of Management & Research for Women 16/09/2010 Forward Books 440.00   659.1 JEF B08756 HIMR-BK-8756 25/01/2023 343.00 30/08/2010 Books B08756 4073
        Smt. Hiraben Nanavati Institute of Management & Research for Women Smt. Hiraben Nanavati Institute of Management & Research for Women 09/01/2001 Varma Book Distributor 275.00   659.1 JEF B02383 HIMR-BK-2383 25/01/2023 275.00 09/01/2001 Books B02383 4105/29.12.2000